Harry Potter - Häuser zuordnen (einfach) - Statistiken

Allgemein
  • Dieses Quiz wurde 652 mal gespielt
  • Das Durchschnittsergebnis liegt bei 12 aus 13
Antwortstatistiken
Name Haus % Korrekt
Draco Malfoy Slytherin
99%
Harry Potter Gryffindor
97%
Ron Weasley Gryffindor
97%
Luna Lovegood Ravenclaw
96%
Hermine Granger Gryffindor
94%
Cedric Diggory Hufflepuff
93%
Vincent Crabbe Slytherin
93%
Severs Snape Slytherin
92%
Pansy Parkinson Slytherin
91%
Gregory Goyle Slytherin
91%
Albus Dumbledore Gryffindor
90%
Newt Scamander Hufflepuff
90%
Cho Chang Ravenclaw
90%
Keine übereinstimmenden Quizze gefunden
Verteilung der Resultate
Anzahl Personen mit jedem Resultat
Perzentil nach korrekt beantworteten Fragen
Ihre Resultats-Entwicklung
Sie haben dieses Quiz noch nicht gespielt